书目信息 |
| 题名: |
定性表征
|
|
| 作者: | 福布斯 著 ;段沛沛 译 | |
| 分册: | ||
| 出版信息: | 北京 机械工业出版社 2021.01 |
|
| 页数: | X, 294页 | |
| 开本: | 24cm | |
| 丛书名: | ||
| 单 册: | ||
| 中图分类: | TP18 | |
| 科图分类: | ||
| 主题词: | 人工智能--ren gong zhi neng | |
| 电子资源: | ||
| ISBN: | 978-7-111-66434-5 | |
| 000 | 01243nam0 2200301 450 | |
| 001 | 202021194603 | |
| 005 | 20211025120147.0 | |
| 010 | @a978-7-111-66434-5@b精装@dCNY139.00 | |
| 100 | @a20211005d2021 em y0chiy50 ea | |
| 101 | 1 | @achi@ceng |
| 102 | @aCN@b110000 | |
| 105 | @aa a 000yy | |
| 106 | @ar | |
| 200 | 1 | @a定性表征@Ading xing biao zheng@e人们如何推理和学习连续变化的世界@f(美) 肯尼斯·D. 福布斯著@g段沛沛 ... [等] 译 |
| 210 | @a北京@c机械工业出版社@d2021.01 | |
| 215 | @aX, 294页@c图@d24cm | |
| 306 | @a由The MIT Press授权出版 | |
| 312 | @a英文题名取自版权页 | |
| 320 | @a有书目 (第264-294页) | |
| 330 | @a本书内容包括: 导言 ; 表征概要 ; 推理概要 ; 类比 ; 分量 ; 分量间的关系 ; 定性过程理论 ; QP理论应用举例 ; 因果关系 ; 变化的定性模拟及推理 ; 建模 ; 动力学模拟等。 | |
| 500 | 10 | @aQualitative representations : how people reason and learn about the continuous world@mChinese |
| 517 | 1 | @a人们如何推理和学习连续变化的世界@Aren men ru he tui li he xue xi lian xu bian hua de shi jie |
| 606 | 0 | @a人工智能@Aren gong zhi neng |
| 690 | @aTP18@v5 | |
| 701 | 1 | @a福布斯@Afu bu si@g(Forbus, Kenneth D.)@4著 |
| 702 | 0 | @a段沛沛@Aduan pei pei@4译 |
| 801 | 0 | @aCN@c20210909 |
| 905 | @a河南城建学院图书馆@dTP18@eF693 | |
| 定性表征:人们如何推理和学习连续变化的世界/(美) 肯尼斯·D. 福布斯著/段沛沛 ... [等] 译.-北京:机械工业出版社,2021.01 |
| X, 294页:图;24cm |
| ISBN 978-7-111-66434-5(精装):CNY139.00 |
| 本书内容包括: 导言 ; 表征概要 ; 推理概要 ; 类比 ; 分量 ; 分量间的关系 ; 定性过程理论 ; QP理论应用举例 ; 因果关系 ; 变化的定性模拟及推理 ; 建模 ; 动力学模拟等。 |
| ● |
| 相关链接 |
|
|
|
正题名:定性表征
索取号:TP18/F693
 
预约/预借
| 序号 | 登录号 | 条形码 | 馆藏地/架位号 | 状态 | 备注 |
| 1 | 1543816 | 215438168 | 自科库301/301自科库 101排8列2层/ [索取号:TP18/F693] | 在馆 |